UBT Library

National Geographic picture atlas of our world / (Record no. 39662)

000 -LEADER
fixed length control field 00675nem a2200241 4500
001 - CONTROL NUMBER
control field 261282
005 - DATE AND TIME OF LATEST TRANSACTION
control field 20180104040520.0
007 - PHYSICAL DESCRIPTION FIXED FIELD--GENERAL INFORMATION
fixed length control field ad canzn
008 - FIXED-LENGTH DATA ELEMENTS--GENERAL INFORMATION
fixed length control field 790626s1979 dcu e eng
010 ## - LIBRARY OF CONGRESS CONTROL NUMBER
LC control number 79017204
020 ## - INTERNATIONAL STANDARD BOOK NUMBER
International Standard Book Number 0870443119
020 ## - INTERNATIONAL STANDARD BOOK NUMBER
International Standard Book Number 0870443127 (lib. bdg.)
040 ## - CATALOGING SOURCE
Original cataloging agency DLC
Transcribing agency DLC
Modifying agency DLC
041 ## - LANGUAGE CODE
Language code of text/sound track or separate title eng
080 ## - UNIVERSAL DECIMAL CLASSIFICATION NUMBER
Universal Decimal Classification number 912 BEN
082 00 - DEWEY DECIMAL CLASSIFICATION NUMBER
Classification number 912 BEN
100 ## - Rafti
Rafti 42
101 ## - Shkurtesa
Shkurtesa GJEO
245 10 - TITLE STATEMENT
Title National Geographic picture atlas of our world /
Statement of responsibility, etc [prepared by National Geographic Book Service ; Ross S. Bennett, editor].
740 ## - ADDED ENTRY--UNCONTROLLED RELATED/ANALYTICAL TITLE
Uncontrolled related/analytical title Picture atlas of our world.
906 ## - LOCAL DATA ELEMENT F, LDF (RLIN)
a 7
b cbc
c orignew
d 1
e ocip
f 19
g y-geogmaps
942 ## - ADDED ENTRY ELEMENTS (KOHA)
Source of classification or shelving scheme
Item type Books
Holdings
Withdrawn status Lost status Source of classification or shelving scheme Damaged status Not for loan Collection code Permanent location Current location Shelving location Date acquired Total Checkouts Full call number Barcode Date last seen Price effective from Koha item type
          Koleksioni i përgjithshem UBT - Lipjan UBT - Lipjan Koleksioni i përgjithshem 01/04/2018   912 BEN 002-2994232 01/04/2018 01/04/2018 Books
UBT Library © 2015-2024. All rights reserved University Education for Business and Technology